000
00310nam a2200133Ia 4500
005
20251222141800.0
008
251222s9999||||xx |||||||||||||| ||spa||
020
_a
2-86656-207-0
082
_a
708.4/L92
100
_a
Sefrioui, Anne
245
0
_a
500 Chefs-D'oeuvre du Louvre:
264
_b
Scala
942
_c
LIB
999
_c
6114
_d
6114